00379nam a2200133Ia 45000010005000000080041000050200022000460820023000681000026000912450064001172600021001819010028002029990015002303826241024s9999 xx 000 0 und d a978-9945-462-74-6 aRD/972.93063/P426v aJosé Peralta Michel 0aEn La Vega: resistencia antitrujillista .... y más allá bEd. Búhoc2014 a22/9/2014 10:40:04 a.m. c7550d7550